Circuitos integrados digitales: una perspectiva de diseño

Enregistré dans:
Détails bibliographiques
Auteurs principaux: Rabaey, Jan M (Auteur), Chandrakasan, Anantha (Auteur), Nicolic, Borivoje (Auteur)
Format: Livre
Langue:espagnol
Publié: Madrid Pearson educación 2004
Édition:2a. ed
Sujets:
Tags: Ajouter un tag
Pas de tags, Soyez le premier à ajouter un tag!

MARC

LEADER 00000nam a2200000 a 4500
001 UCK7215
003 CL-VaPUC
008 051111e20040000SP |||||||||||||||||spa|d
020 |a 8420541036 
082 0 4 |a 621.381  |b RAB  |2 21 
100 0 |a Rabaey, Jan M  |e author  |9 496684 
700 0 |a Chandrakasan, Anantha  |e author  |9 496685 
700 0 |a Nicolic, Borivoje  |e author  |9 496686 
245 1 0 |a Circuitos integrados digitales: una perspectiva de diseño 
250 |a 2a. ed 
300 |a 800 p 
942 |c BK 
945 |d 20051111 00:00:00  |a jtorresc 
260 |a Madrid  |b Pearson educación  |c 2004 
650 0 |a Circuitos electrónicos  |9 260204 
650 0 |a Circuitos lógicos   |9 263161 
650 7 |a TRANSMISORES  |2 CL-VaPUC  |9 496687 
650 0 |a Aplicaciones de computadores  |9 260401 
650 0 |a Electrónica   |9 263192 
650 0 |a Circuitos integrados   |9 260673 
583 |a last modification  |c 20051111 00:00:00  |k Rodrigo Vera 
999 |c 315255  |d 315253 
952 |0 0  |1 0  |2 ddc  |4 0  |6 621_381000000000000_RAB_2004  |7 0  |8 A  |9 388245  |a BIBING  |b BIBING  |c RES  |d 2019-11-22  |i 4180410  |o 621.381 RAB 2004  |p 4180410  |r 2025-01-20  |w 2019-11-22  |y BK  |k EIE 
952 |0 0  |1 0  |2 ddc  |4 0  |6 621_381000000000000_RAB_2004  |7 0  |8 A  |9 388246  |a BIBING  |b BIBING  |c RES  |d 2019-11-22  |i 4296826  |o 621.381 RAB 2004  |p 4296826  |r 2025-01-20  |w 2019-11-22  |y BK  |k EIE